000 00861nam a2200253 a 4500
001 15183
003 BD-RjUL
005 20211208235751.0
008 140209s1965 a b 001 0 eng d
035 _a(BD-RjUL)15237
040 _aVCAV
_beng
_cVCAV
_dNUN
_dBD-RjUL
041 _aeng
082 0 4 _a629.437
_bFIS 1965
100 1 _aFilipowsky, Richard F.
_947245
245 1 0 _aSpace communications systems /
_cby Richard F. Filipowsky and Eugen I. Muehldorf.
260 _aEnglewood Cliffs, N. J. :
_bPrentice-Hall,
_c1965.
300 _axvi, 575 p :
_billus., maps ;
_c24 cm.
504 _aIncludes bibliographical references and index.
650 0 _aAstronautics
_xCommunication systems.
_947208
700 1 _aMuehldorf, Eugen I.
_947247
942 _2ddc
_cBK
999 _c15183
_d15183